E-learning and Social Networking Handbook : (Record no. 13646)
[ view plain ]
| 000 -LEADER | |
|---|---|
| fixed length control field | 01747cam a22003738a 4500 |
| 001 - CONTROL NUMBER | |
| control field | 15059100 |
| 005 - DATE AND TIME OF LATEST TRANSACTION | |
| control field | 20100216113945.0 |
| 008 - FIXED-LENGTH DATA ELEMENTS--GENERAL INFORMATION | |
| fixed length control field | 071025s2008 nyu bf 001 0 eng |
| 010 ## - LIBRARY OF CONGRESS CONTROL NUMBER | |
| LC control number | 2007044036 |
| 020 ## - INTERNATIONAL STANDARD BOOK NUMBER | |
| International Standard Book Number | 9780415426060 (hardback) |
| 020 ## - INTERNATIONAL STANDARD BOOK NUMBER | |
| International Standard Book Number | 0415426065 (hardback) |
| 020 ## - INTERNATIONAL STANDARD BOOK NUMBER | |
| International Standard Book Number | 9780415426077 (pbk.) |
| 020 ## - INTERNATIONAL STANDARD BOOK NUMBER | |
| International Standard Book Number | 0415426073 (pbk.) |
| 020 ## - INTERNATIONAL STANDARD BOOK NUMBER | |
| International Standard Book Number | 9780203927762 (ebk.) |
| 020 ## - INTERNATIONAL STANDARD BOOK NUMBER | |
| International Standard Book Number | 0203927761 (ebk.) |
| 040 ## - CATALOGING SOURCE | |
| Original cataloging agency | DLC |
| Transcribing agency | DLC |
| Modifying agency | DLC |
| 050 00 - LIBRARY OF CONGRESS CALL NUMBER | |
| Classification number | LB1044.87 |
| Item number | .M26 2008 |
| 082 00 - DEWEY DECIMAL CLASSIFICATION NUMBER | |
| Classification number | 371.3344678 |
| Edition number | 22 |
| Item number | MAS |
| 100 1# - MAIN ENTRY--PERSONAL NAME | |
| Personal name | Mason, Robin. |
| 9 (RLIN) | 12539 |
| 245 14 - TITLE STATEMENT | |
| Title | E-learning and Social Networking Handbook : |
| Remainder of title | Resources for Higher Education / |
| Statement of responsibility, etc | Robin Mason, Frank Rennie. |
| 260 ## - PUBLICATION, DISTRIBUTION, ETC. (IMPRINT) | |
| Place of publication, distribution, etc | New York ; |
| -- | London : |
| Name of publisher, distributor, etc | Routledge, |
| Date of publication, distribution, etc | c2008. |
| 263 ## - PROJECTED PUBLICATION DATE | |
| Projected publication date | 0804 |
| 300 ## - PHYSICAL DESCRIPTION | |
| Extent | ix, 194p.: |
| Dimensions | 24 cm. |
| 504 ## - BIBLIOGRAPHY, ETC. NOTE | |
| Bibliography, etc | Includes bibliographical references and index. |
| 505 0# - FORMATTED CONTENTS NOTE | |
| Formatted contents note | Social networking as an educational tool -- Design for a distributed environment -- Selecting the media palette -- The tools in practice -- Constraints on course design -- Evaluating course design and understanding its implications. |
| 650 #0 - SUBJECT ADDED ENTRY--TOPICAL TERM | |
| Topical term or geographic name as entry element | Internet in higher education |
| Form subdivision | Handbooks, manuals, etc. |
| 9 (RLIN) | 12540 |
| 650 #0 - SUBJECT ADDED ENTRY--TOPICAL TERM | |
| Topical term or geographic name as entry element | Online social networks |
| Form subdivision | Handbooks, manuals, etc. |
| 9 (RLIN) | 12541 |
| 650 #0 - SUBJECT ADDED ENTRY--TOPICAL TERM | |
| Topical term or geographic name as entry element | Instructional systems |
| General subdivision | Design |
| Form subdivision | Handbooks, manuals, etc. |
| 9 (RLIN) | 12542 |
| 700 1# - ADDED ENTRY--PERSONAL NAME | |
| Personal name | Rennie, Frank. |
| 9 (RLIN) | 12543 |
| 856 41 - ELECTRONIC LOCATION AND ACCESS | |
| Materials specified | Table of contents only |
| Uniform Resource Identifier | <a href="http://www.loc.gov/catdir/toc/ecip083/2007044036.html">http://www.loc.gov/catdir/toc/ecip083/2007044036.html</a> |
| 942 ## - ADDED ENTRY ELEMENTS (KOHA) | |
| Source of classification or shelving scheme | Dewey Decimal Classification |
| Item type | Book - Borrowing |
| Withdrawn status | Item status | Source of classification or shelving scheme | Damaged status | Not for loan | Vendor | Home library | Current library | Shelving location | Date acquired | Source of acquisition | Cost, normal purchase price | Serial Enumeration / chronology | Total Checkouts | Full call number | Barcode | Date last seen | Date last borrowed | Koha item type |
|---|---|---|---|---|---|---|---|---|---|---|---|---|---|---|---|---|---|---|
| Dewey Decimal Classification | Osiris | Central Library | Central Library | First floor | 14/03/2010 | 276.00 | 10472 | 3 | 371.3344678 MAS | 000019133 | 15/07/2025 | 24/03/2016 | Book - Borrowing |